书目信息 |
| 题名: |
休闲·游戏·麻将
|
|
| 作者: | 于光远, , 马惠娣 著 | |
| 分册: | ||
| 出版信息: | 北京 文化艺术出版社 2006.11 |
|
| 页数: | 207页 | |
| 开本: | 23cm | |
| 丛书名: | ||
| 单 册: | ||
| 中图分类: | G89-49 | |
| 科图分类: | ||
| 主题词: | 文娱性体育活动--wen yu xing ti yu huo dong--普及读物 | |
| 电子资源: | ||
| ISBN: | 7-5039-3105-1 | |
| 000 | 00984nam0 2200253 450 | |
| 001 | 012007091970 | |
| 005 | 20070927102156.84 | |
| 010 | @a7-5039-3105-1@dCNY25.00 | |
| 100 | @a20070724d2006 km y0chiy0120 ea | |
| 101 | 0 | @achi |
| 102 | @aCN@b110000 | |
| 105 | @aach a 000yy | |
| 200 | 1 | @a休闲·游戏·麻将@Axiu xian·you xi·ma jiang@d= Leisure play and mahjong@f于光远, 马惠娣著@Fyu guang yuan,ma hui di zhu@zeng |
| 210 | @a北京@c文化艺术出版社@d2006.11 | |
| 215 | @a207页@c图, 肖像, 摹真@d23cm | |
| 320 | @a有书目 (第162页)。 | |
| 330 | @a本书是关于休闲、游戏、麻将问题的学术性研究的通俗读本,旨在论述休闲与游戏在现代生活中的价值问题,唤起人们珍爱时间,珍爱休闲与游戏,并以积极健康向上的方式享用它们。 | |
| 510 | 1 | @aLeisure play and mahjong@zeng |
| 606 | 0 | @a文娱性体育活动@Awen yu xing ti yu huo dong@j普及读物 |
| 690 | @aG89-49@v4 | |
| 701 | 0 | @a于光远,@Ayu guang yuan@f1915- @4著 |
| 701 | 0 | @a马惠娣@Ama hui di@4著 |
| 801 | 0 | @aCN@c20070927 |
| 905 | @dG89-49@eY709 | |
| 休闲·游戏·麻将= Leisure play and mahjong/于光远, 马惠娣著.-北京:文化艺术出版社,2006.11 |
| 207页:图, 肖像, 摹真;23cm |
| ISBN 7-5039-3105-1:CNY25.00 |
| 本书是关于休闲、游戏、麻将问题的学术性研究的通俗读本,旨在论述休闲与游戏在现代生活中的价值问题,唤起人们珍爱时间,珍爱休闲与游戏,并以积极健康向上的方式享用它们。 |
| ● |
| 相关链接 |
|
|
|
正题名:休闲·游戏·麻将
索取号:G89-49/Y709
 
预约/预借
| 序号 | 登录号 | 条形码 | 馆藏地/架位号 | 状态 | 备注 |
| 1 | 246328 | 202463280 | 社科库409/409社科库 27排4列1层/ [索取号:G89-49/Y709] | 在馆 | |
| 2 | 246329 | 202463299 | 体育教学部资料室/ [索取号:G89-49/Y709] | 在馆 | |
| 3 | 246330 | 202463306 | 社科库409/409社科库 27排4列1层/ [索取号:G89-49/Y709] | 在馆 |